1381 1721 1174 1376 1319 1978 1170 1651 1077 1147 1356 1405 1088 1657 1914 1297 1620 1279 1213 1600 1323 1037 1545 1471 1109 1180 1135 1274 1536 1348 1534 1744 1664 1949 1678 1410 1126 1494 1136 1293 1583 1712 1059 1942 1918 1044 1936 1606 1812 1478 1103 1491 1335 1902 1951 1718 1669 1251 1416 1324 1483 1785 1157 1018 1945 1458 1384 1278 1935 1191 1375 1417 1339 1773 1861 1087 1465 1762 1263 1592 1276 1256 2000 1380 1716 1818 1481 1134 1905 1575 1004 1108 1535 1092 1651 1006 1735 1587 1798 BCNSPRNW ULIB Ver.6.0+V

เปลี่ยนเป็นภาษาไทย

Change to English
 แสดงรายละเอียดบรรณานุกรม
  กลับหน้าหลัก

Brief Record : Get Marc (ISO 2709) : E-mail record : QR code < ปิดหน้าต่าง
LEADER : 00000nas 2200000uu 4500
001    13399123144
003     ULIB
008    140403s||||||||th 000 0 tha d
022    ^a16865081
110    ^aวิทยาลัยพยาบาลพระจอมเกล้า เพชรบุรี
245    ^aวารสารการพยาบาลและกระทรวงสาธารณสุข ^nวิทยาลัยเครือข่ายภาคกลาง 2/^cวิทยาลัยพยาบาลพระจอมเกล้า เพชรบุรี
260    ^aเพชรบุรี :^bวิทยาลัยพยาบาลพระจอมเกล้า เพชรบุรี,^cม.ป.ป.
310    ^aราย 6 เดือน
850 ^a ULIB^bปีที่ 10 ฉบับที่ 1 ;ปีที่ 11 ฉบับที่ 1 ฉ.1
945    ^p0^l0^i902138
945    ^p0^l0^i903406
999    ^aเกษร โพธิ์สุวรรณ
รายการนี้ยังไม่มีแท็ก
คุณยังไม่ได้ล็อกอิน คุณสามารถมีกิจกรรมร่วมกับเว็บไซต์ได้ แต่ต้องล็อกอินก่อน ::
  ล็อกอิน

รายการสื่อสารสนเทศ (วารสาร)

ดูแบบ: กล่อง รายการ
ARRIVED
ปีที่ 10 ฉบับที่ 1
สถานที่: ห้องสมุดวิทยาเขตสวรรค์ประชารักษ์ >วารสาร
ARRIVED
ปีที่ 11 ฉบับที่ 1 ฉ.1
สถานที่: ห้องสมุดวิทยาเขตสวรรค์ประชารักษ์ >วารสาร

BibComment


ยังไม่เคยถูกคอมเมนท์

คอมเมนท์ทรัพยากรรายการนี้
  คอมเมนท์: วารสารการพยาบาลแ..


 Copyright 2026. Bcnsprnw @Library